000 00502nam a2200181 i 4500
001 49616
003 ES-MaACL
005 20230906162028.0
007 t|
008 030718s1960 sp ||||1| spa d
100 1 _aCostes, J.
_941152
245 1 3 _aLa pintura a pistola en la construcción /
_cpor J. Costes, R. Cottet.
250 _a1ª ed.
260 _aBarcelona :
_bSintes,
_c1960.
300 _a366 p. :
_bil. ;
_c23 cm.
700 1 _aCottet, R.
_941197
852 _aES-MaACL
_jC-18246
_bR.46355
999 _c49616
_d49616